Faculty of Law Library — Cairo University

Official Online Catalog

The Charter of the United Nations : (Record no. 63987)

MARC details
000 -LEADER
fixed length control field 01353cam a2200361 i 4500
003 - CONTROL NUMBER IDENTIFIER
control field EG-GICUC
005 - DATE AND TIME OF LATEST TRANSACTION
control field 20260222105650.0
008 - FIXED-LENGTH DATA ELEMENTS--GENERAL INFORMATION
fixed length control field 940718s1994 enk frb 001 0 eng d
020 ## - INTERNATIONAL STANDARD BOOK NUMBER
International Standard Book Number 0198257031 :
Terms of availability $156.00
020 ## - INTERNATIONAL STANDARD BOOK NUMBER
International Standard Book Number 9780198257035
040 ## - CATALOGING SOURCE
Original cataloging agency DLC/MoSU-L
Transcribing agency MoSU-L
Modifying agency DLC
-- EG-GICUC
Language of cataloging eng
Description conventions rda
050 00 - LIBRARY OF CONGRESS CALL NUMBER
Classification number JX1977
Item number .C487 1994
082 00 - DEWEY DECIMAL CLASSIFICATION NUMBER
Classification number 341.23
Edition number 21
092 04 - LOCALLY ASSIGNED DEWEY CALL NUMBER (OCLC)
Edition number 21
099 ## - LOCAL FREE-TEXT CALL NUMBER (OCLC)
Classification number Law 11 1994
245 04 - TITLE STATEMENT
Title The Charter of the United Nations :
Remainder of title a commentary /
Statement of responsibility, etc. edited by Bruno Simma ; in collaboration with Hermann Mosler ... [et al.].
264 ## - PRODUCTION, PUBLICATION, DISTRIBUTION, MANUFACTURE, AND COPYRIGHT NOTICE
Place of production, publication, distribution, manufacture Oxford ;
-- New York :
Name of producer, publisher, distributor, manufacturer Oxford University Press,
Date of production, publication, distribution, manufacture, or copyright notice 1995.
300 ## - PHYSICAL DESCRIPTION
Extent xlix, 1258 page ;
Dimensions 26 cm.
336 ## - CONTENT TYPE
Content type term text
Source rdacontent
337 ## - MEDIA TYPE
Media type term Computer
Source rdamedia
338 ## - CARRIER TYPE
Carrier type term Online Resouce
Source rdacarrier
504 ## - BIBLIOGRAPHY, ETC. NOTE
Bibliography, etc. note Includes bibliographical references and index.
610 20 - SUBJECT ADDED ENTRY--CORPORATE NAME
Corporate name or jurisdiction name as entry element United Nations.
Title of a work Charter.
650 1# - SUBJECT ADDED ENTRY--TOPICAL TERM
Topical term or geographic name entry element International law
700 1# - ADDED ENTRY--PERSONAL NAME
Personal name Simma, Bruno.
700 1# - ADDED ENTRY--PERSONAL NAME
Personal name Mosler, Hermann,
Dates associated with a name 1912-
710 22 - ADDED ENTRY--CORPORATE NAME
Corporate name or jurisdiction name as entry element United Nations.
Title of a work Charter.
856 42 - ELECTRONIC LOCATION AND ACCESS
Uniform Resource Identifier <a href="https://fll.law.cu.edu.eg/fulltext/bks/ENGB11-00162.pdf">https://fll.law.cu.edu.eg/fulltext/bks/ENGB11-00162.pdf</a>
856 42 - ELECTRONIC LOCATION AND ACCESS
Materials specified Publisher description
Uniform Resource Identifier <a href="http://www.loc.gov/catdir/enhancements/fy0638/94184282-d.html">http://www.loc.gov/catdir/enhancements/fy0638/94184282-d.html</a>
856 42 - ELECTRONIC LOCATION AND ACCESS
Materials specified Contributor biographical information
Uniform Resource Identifier <a href="http://www.loc.gov/catdir/enhancements/fy0724/94184282-b.html">http://www.loc.gov/catdir/enhancements/fy0724/94184282-b.html</a>
905 ## - Cataloger and Reviser Names
Cataloger Name: Hend El khosy
942 ## - ADDED ENTRY ELEMENTS (KOHA)
Source of classification or shelving scheme Dewey Decimal Classification
Koha item type Books
Edition 21
Suppress in OPAC No
Holdings
Withdrawn status Lost status Source of classification or shelving scheme Damaged status Not for loan Collection Home library Current library Date acquired Total checkouts Full call number Barcode Date last seen Copy number Price effective from Koha item type Public note
    Dewey Decimal Classification     القانون الدولي العام جــــامعة القــاهرة مكتبة كلية الحقوق - فـرع الشيخ زايد 22.02.2026   Law2 11 341.23 CH 1994 1100162 C1 ENGB11-00162 22.02.2026 1 22.02.2026 Books 1960

© All rights reserved — Faculty of Law, Cairo University